|
|
|
|
| LEADER |
00916nam a2200253 a 4500 |
| 001 |
12748207 |
| 008 |
101102s2002 njua 001 0 eng d |
| 010 |
|
|
|a 2002006220
|
| 020 |
|
|
|a 013009479X
|
| 040 |
|
|
|a DLC
|c DLC
|d DLC
|d BD-DhAAL
|
| 082 |
0 |
0 |
|a 004
|2 21
|
| 100 |
1 |
|
|a Long, Larry E.
|
| 245 |
1 |
0 |
|a Computers :
|b information technology in perspective /
|c Larry Long and Nancy Long.
|
| 250 |
|
|
|a 10th ed.
|
| 260 |
|
|
|a Upper Saddle River, N.J. :
|b Prentice Hall,
|c c2002.
|
| 300 |
|
|
|a 1 v. (various pagings) :
|b col. ill. ;
|c 28 cm.
|
| 500 |
|
|
|a Includes index.
|
| 541 |
|
|
|e 00009895
|
| 650 |
|
0 |
|a Computers.
|
| 650 |
|
0 |
|a Electronic data processing.
|
| 700 |
1 |
|
|a Long, Nancy,
|d 1947-
|
| 852 |
4 |
|
|a Ayesha Abed Library
|j General shelf.
|
| 999 |
|
|
|c 10020
|d 10020
|
| 952 |
|
|
|0 0
|1 0
|2 ddc
|4 0
|6 004_LON_200200000000000
|7 0
|9 13036
|a BRACUL
|b BRACUL
|c GEN
|d 2010-11-02
|l 2
|m 1
|o 004 LON
|p 3010009895
|r 2014-11-01
|s 2014-10-13
|t 1
|w 2010-11-02
|y BK
|